000
00325nam a2200133Ia 4500
100
_a
Prabhudev K.H.
942
_c
BK
654
_a
heat treatment of steels
245
_a
Hand book of heat treatment of steels
260
_b
Tata Mc Graw hill
_a
New Delhi
_c
1988
082
_a
671.36
_b
PAN
546
_a
ENGLISH
999
_c
27357
_d
27357